000 00303nam a22001337a 4500
008 170526b xxu||||| |||| 00| 0 eng d
020 _a9780070274068
041 _aeng
080 _25TH
_a621.38
100 _a25
101 _aIM
245 _aENGINEERING ELECTROMAGNETICS
_cHAYT,W.H
942 _2udc
_cBK
999 _c14308
_d14308